|
|
|
|
| LEADER |
00000nam0a2200000 4500 |
| 001 |
132475 |
| 005 |
20231031134857.0 |
| 010 |
|
|
|a 9785941781188
|
| 035 |
|
|
|a (RuTPU)RU\TPU\book\143446
|
| 090 |
|
|
|a 132475
|
| 100 |
|
|
|a 20080304d2008 m y0rusy50 ca
|
| 101 |
0 |
|
|a rus
|
| 102 |
|
|
|a RU
|
| 105 |
|
|
|a a j 001zy
|
| 200 |
1 |
|
|a Концепции современного естествознания
|e учебное пособие
|f С. В. Сергеев [и др.]
|
| 205 |
|
|
|a 2-е изд., перераб. и доп.
|
| 210 |
|
|
|a Старый Оскол
|c ТНТ
|d 2008
|
| 215 |
|
|
|a 384 с.
|c ил.
|
| 320 |
|
|
|a Библиогр. в конце гл.
|
| 330 |
|
|
|a В пособии в достаточном объёме изложен учебный материал необходимый для изучения вопросов современного естествознания для студентов технических и инженерно-экономических специальностей технических вузов. Содержание учебного пособия поможет студентам сформировать представления о целостной естественнонаучной картине мира, расширить их кругозор и повысить общую культуру.
|
| 610 |
1 |
|
|a современное естествознание
|
| 610 |
1 |
|
|a концепции
|
| 610 |
1 |
|
|a учебные пособия
|
| 610 |
1 |
|
|a наука
|
| 610 |
1 |
|
|a научные исследования
|
| 610 |
1 |
|
|a методология
|
| 610 |
1 |
|
|a информационный поиск
|
| 610 |
1 |
|
|a история
|
| 610 |
1 |
|
|a современная естественнонаучная картина мира
|
| 610 |
1 |
|
|a физическая картина мира
|
| 610 |
1 |
|
|a природа
|
| 610 |
1 |
|
|a порядок
|
| 610 |
1 |
|
|a беспорядок
|
| 610 |
1 |
|
|a пространство
|
| 610 |
1 |
|
|a время
|
| 610 |
1 |
|
|a разум
|
| 610 |
1 |
|
|a материя
|
| 610 |
1 |
|
|a химия
|
| 610 |
1 |
|
|a жизнь
|
| 610 |
1 |
|
|a Земля
|
| 610 |
1 |
|
|a эволюция
|
| 610 |
1 |
|
|a живые системы
|
| 610 |
1 |
|
|a человек
|
| 610 |
1 |
|
|a биосфера
|
| 610 |
1 |
|
|a космос
|
| 610 |
1 |
|
|a ноосфера
|
| 675 |
|
|
|a 50(075.8)
|v 3
|
| 701 |
|
1 |
|a Сергеев
|b С. В.
|g Сергей Васильевич
|
| 701 |
|
1 |
|a Схиртладзе
|b А. Г.
|g Александр Георгиевич
|
| 701 |
|
1 |
|a Борискин
|b В. П.
|g Владимир Петрович
|
| 701 |
|
1 |
|a Решетников
|b Б. А.
|g Борис Александрович
|
| 701 |
|
1 |
|a Ивашкова
|b З. А.
|g Зоя Александровна
|
| 801 |
|
1 |
|a RU
|b 63413507
|c 20080304
|g PSBO
|
| 801 |
|
2 |
|a RU
|b 63413507
|c 20150422
|g PSBO
|
| 900 |
|
|
|a Концепции современного естествознания
|
| 942 |
|
|
|c BK
|
| 951 |
|
|
|b 150900
|b 151000
|b 220300
|
| 959 |
|
|
|a 25/20080304
|d 5
|e 250,00
|f АНЛ:1
|f УФ:3
|f ЧЗТЛ:1
|